[Event "FIDE WRBTC Blitz-Pool 2024"]
[Site "Astana"]
[Date "2024.08.05"]
[Round "7.11"]
[White "Dronavalli, Harika"]
[Black "Muratova, Anel"]
[Result "1-0"]
[WhiteElo "2502"]
[BlackElo "1892"]
[Annotator "ChessBase"]
[PlyCount "93"]
[EventDate "2024.08.01"]
[EventType "team-tourn"]
[EventCountry "KAZ"]
[SourceTitle "playchess.com"]
[Source "ChessBase"]
[SourceQuality "1"]

1. Nf3 d5 2. g3 Nf6 3. Bg2 c5 4. O-O Nc6 5. d4 e6 6. c4 Be7 7. cxd5 exd5 8. b3 O-O 9. Bb2 Ne4 10. Nc3 Be6 11. Rc1 Rc8 12. Na4 b6 13. dxc5 bxc5 14. Nd2 Nxd2 15. Qxd2 Qa5 16. Rfd1 Rfd8 17. Bc3 Qc7 18. Bb2 Qa5 19. Qxa5 Nxa5 20. Ba3 Nb7 21. Rd2 Bf8 22. Rcd1 Nd6 23. Bxd5 Nb5 24. Bb2 Bxd5 25. Rxd5 Re8 26. e3 a6 27. Nb6 Rc6 28. Nc4 Rg6 29. Rd8 Rge6 30. Rxe8 Rxe8 31. Rd7 Rc8 32. Kg2 h5 33. h4 g6 34. Be5 Re8 35. a4 Na3 36. Nxa3 Rxe5 37. Nc4 Re8 38. Rb7 Re6 39. a5 Kg7 40. Rb6 Kf6 41. e4 Be7 42. f4 Bd8 43. e5+ Ke7 44. Rb7+ Ke8 45. Nd6+ Kf8 46. Rxf7+ Kg8 47. Ra7 1-0

[Event "FIDE WRBTC Blitz-Pool 2024"]
[Site "Astana"]
[Date "2024.08.05"]
[Round "7.11"]
[White "Khotenashvili, Bella"]
[Black "Serikbay, Assel"]
[Result "1/2-1/2"]
[WhiteElo "2427"]
[BlackElo "2237"]
[Annotator "ChessBase"]
[PlyCount "142"]
[EventDate "2024.08.01"]
[EventType "team-tourn"]
[EventCountry "KAZ"]
[SourceTitle "playchess.com"]
[Source "ChessBase"]
[SourceQuality "1"]

1. Nf3 d5 2. g3 Nf6 3. Bg2 c5 4. O-O Nc6 5. d4 e6 6. b3 cxd4 7. Nxd4 Bc5 8. Nxc6 bxc6 9. Bb2 O-O 10. c4 Be7 11. Nd2 Bb7 12. Qc2 c5 13. Rfd1 Rc8 14. Rac1 Qb6 15. e4 d4 16. Qd3 e5 17. Rf1 Rfe8 18. h3 Bf8 19. f4 exf4 20. gxf4 g6 21. Rce1 Bg7 22. Bc1 Nd7 23. Nf3 Nf8 24. f5 Nd7 25. Bf4 Ne5 26. Nxe5 Bxe5 27. Bxe5 Rxe5 28. f6 Qd6 29. Qg3 Rce8 30. Qf4 Qf8 31. h4 h6 32. Rf2 Kh7 33. Bf3 Qd6 34. Rg2 Qe6 35. Rge2 d3 36. Rd2 Bxe4 37. Bxe4 Rxe4 38. Rxe4 Qxe4 39. Qxe4 Rxe4 40. Rxd3 Rxh4 41. Rd7 Kg8 42. Rd8+ Kh7 43. Rf8 Rg4+ 44. Kh2 g5 45. Rxf7+ Kg6 46. Rxa7 Kxf6 47. Rc7 Rd4 48. Rxc5 Rd2+ 49. Kg3 Rxa2 50. Rc6+ Kg7 51. Rb6 Rc2 52. Kg4 Rg2+ 53. Kf5 Rf2+ 54. Kg4 Rg2+ 55. Kf3 Rc2 56. Ke4 Re2+ 57. Kd3 Rf2 58. c5 g4 59. c6 Rf8 60. c7 Rc8 61. Rc6 h5 62. b4 g3 63. Ke3 h4 64. Kf3 Kf7 65. b5 Ke7 66. b6 Kd7 67. Rc2 Rf8+ 68. Kg2 Kc8 69. Kh3 Kb7 70. Kxh4 Rc8 71. Kxg3 Kxb6 1/2-1/2

[Event "FIDE WRBTC Blitz-Pool 2024"]
[Site "Astana"]
[Date "2024.08.05"]
[Round "7.11"]
[White "Akhmet, Suleyman"]
[Black "Anvar, Sultan"]
[Result "1-0"]
[WhiteElo "1730"]
[BlackElo "1529"]
[Annotator "NA"]
[PlyCount "102"]
[EventDate "2024.08.01"]
[EventType "team-tourn"]
[EventCountry "KAZ"]
[SourceTitle "playchess.com"]
[Source "ChessBase"]
[SourceQuality "1"]

1. d4 Nf6 2. c4 e6 3. Nc3 Bb4 4. e3 O-O 5. Bd2 c5 6. Nf3 d5 7. a3 Bxc3 8. Bxc3 cxd4 9. Nxd4 Nc6 10. Be2 Ne4 11. Rc1 Nxc3 12. Rxc3 Bd7 13. cxd5 exd5 14. Bf3 Nxd4 15. Qxd4 Bc6 16. O-O Rc8 17. Rd1 Qb6 18. Qxb6 axb6 19. h3 g6 20. Rd4 Rfd8 21. Be2 Kf8 22. Kf1 Ke7 23. Ke1 Ke6 24. Bg4+ f5 25. Bf3 Rd6 26. Kd2 Rcd8 27. Rb3 Be8 28. Rdb4 b5 29. Rd4 Bc6 30. Be2 Rc8 31. Rc3 Kd7 32. Rc5 Rc7 33. Rc3 Ke6 34. Rb3 Rcd7 35. Bxb5 Bxb5 36. Rxb5 b6 37. Rb3 Rc7 38. Rc3 Kd7 39. Rxc7+ Kxc7 40. Rd3 Kc6 41. Rc3+ Kb7 42. Kd3 Ka6 43. Kd4 Kb5 44. Rb3+ Kc6 45. a4 Rd8 46. Rb5 Rd7 47. Rb3 Ra7 48. Rc3+ Kd6 49. b3 Rd7 50. Rc8 Ke7 51. Rc6 b5 1-0

[Event "FIDE WRBTC Blitz-Pool 2024"]
[Site "Astana"]
[Date "2024.08.05"]
[Round "7.12"]
[White "Balakirev, Nikoly"]
[Black "Tanikin, Isabek"]
[Result "1/2-1/2"]
[WhiteElo "1885"]
[BlackElo "1952"]
[Annotator "ChessBase"]
[PlyCount "125"]
[EventDate "2024.08.01"]
[EventType "team-tourn"]
[EventCountry "KAZ"]
[SourceTitle "playchess.com"]
[Source "ChessBase"]
[SourceQuality "1"]

1. d4 Nf6 2. c4 g6 3. Nc3 d5 4. Nf3 Bg7 5. Bg5 c6 6. e3 O-O 7. Rc1 a6 8. a4 Bf5 9. Bd3 dxc4 10. Bxc4 Nbd7 11. O-O Ne4 12. Bf4 Nxc3 13. bxc3 Qa5 14. Re1 b5 15. axb5 cxb5 16. Bd5 Rac8 17. e4 Bg4 18. Bd2 Qb6 19. h3 Bxf3 20. Qxf3 e6 21. Bb3 a5 22. Rb1 Qc6 23. Rec1 Nb6 24. c4 Nxc4 25. Bxa5 Bxd4 26. Qd3 Bg7 27. Bxc4 bxc4 28. Qc2 Ra8 29. Bc3 Bxc3 30. Qxc3 Qxe4 31. Qxc4 Qxc4 32. Rxc4 Rab8 33. Rxb8 Rxb8 34. Kh2 Rb2 35. Kg3 Kg7 36. Rc7 Kf6 37. Ra7 Rb3+ 38. f3 h5 39. h4 e5 40. Ra6+ Kf5 41. Kh3 f6 42. Kg3 Rb1 43. Kf2 Rh1 44. Kg3 Rf1 45. Rb6 Rc1 46. Ra6 Rd1 47. Rb6 Rd3 48. Ra6 Rc3 49. Kf2 Rc4 50. Kg3 Rf4 51. Rb6 g5 52. hxg5 fxg5 53. Rb8 Rc4 54. Rf8+ Kg6 55. Re8 Rc5 56. Rg8+ Kf6 57. Rh8 Kg6 58. Rg8+ Kf5 59. Rf8+ Kg6 60. Rg8+ Kh6 61. Rh8+ Kg6 62. Rg8+ Kf5 63. Rf8+ 1/2-1/2

[Event "FIDE WRBTC Blitz-Pool 2024"]
[Site "Astana"]
[Date "2024.08.05"]
[Round "7.12"]
[White "Muratova, Saltanat"]
[Black "Shah Mihir"]
[Result "0-1"]
[WhiteElo "1845"]
[BlackElo "1801"]
[Annotator "NA"]
[PlyCount "42"]
[EventDate "2024.08.01"]
[EventType "team-tourn"]
[EventCountry "KAZ"]
[SourceTitle "playchess.com"]
[Source "ChessBase"]
[SourceQuality "1"]

1. e4 e6 2. d3 d5 3. Nd2 Nf6 4. Ngf3 Nc6 5. g3 dxe4 6. dxe4 Bc5 7. Bg2 e5 8. O-O a5 9. c3 Qd3 10. Ne1 Qd6 11. Qc2 Be6 12. b3 Rd8 13. Kh1 Ng4 14. Kg1 O-O 15. h3 Nxf2 16. Rxf2 Bxf2+ 17. Kxf2 Qc5+ 18. Kf1 f5 19. Ndf3 fxe4 20. Qxe4 Qxc3 21. Rb1 Bf5 0-1

[Event "FIDE WRBTC Blitz-Pool 2024"]
[Site "Astana"]
[Date "2024.08.05"]
[Round "7.12"]
[White "Zhankarayeva, Zhansaya"]
[Black "Kertaev, Natan"]
[Result "0-1"]
[WhiteElo "1402"]
[BlackElo "1828"]
[Annotator "NA"]
[PlyCount "58"]
[EventDate "2024.08.01"]
[EventType "team-tourn"]
[EventCountry "KAZ"]
[SourceTitle "playchess.com"]
[Source "ChessBase"]
[SourceQuality "1"]

1. e4 e6 2. d4 d5 3. Nc3 Bb4 4. Nge2 dxe4 5. a3 Bxc3+ 6. Nxc3 Nc6 7. Be3 Nf6 8. Bb5 Bd7 9. O-O a6 10. Bxc6 Bxc6 11. Re1 O-O 12. Bg5 h6 13. Bxf6 Qxf6 14. Nxe4 Qg6 15. Ng3 Rad8 16. c3 a5 17. Rc1 Rfe8 18. Qd2 e5 19. h3 exd4 20. Rxe8+ Bxe8 21. cxd4 Bc6 22. Qxa5 Rxd4 23. Qxc7 h5 24. f3 h4 25. Ne2 Bxf3 26. Nf4 Rxf4 27. Rc2 Rf6 28. Kh1 Be4 29. Rc4 Qxg2# 0-1

[Event "FIDE WRBTC Blitz-Pool 2024"]
[Site "Astana"]
[Date "2024.08.05"]
[Round "7.13"]
[White "Akhmedinov, Satbek"]
[Black "Beristenov, Kair"]
[Result "0-1"]
[WhiteElo "2379"]
[BlackElo "1995"]
[Annotator "ChessBase"]
[PlyCount "113"]
[EventDate "2024.08.01"]
[EventType "team-tourn"]
[EventCountry "KAZ"]
[SourceTitle "playchess.com"]
[Source "ChessBase"]
[SourceQuality "1"]

1. e4 c5 2. d4 cxd4 3. Qxd4 Nc6 4. Qd3 Nf6 5. Nc3 d6 6. Nf3 g6 7. Be2 Bg7 8. O-O O-O 9. Nd5 Nd7 10. c3 e6 11. Ne3 Nc5 12. Qc2 f5 13. exf5 gxf5 14. b4 Ne4 15. Bb2 d5 16. b5 Ne5 17. c4 Nxf3+ 18. gxf3 Nf6 19. Rad1 f4 20. Ng2 Qc7 21. Kh1 e5 22. Rg1 d4 23. Nxf4 exf4 24. Bxd4 Kh8 25. Rg5 Ne8 26. Rxg7 Nxg7 27. Rg1 Rf7 28. Qe4 Bf5 29. Rxg7 Rxg7 30. Qxf5 Kg8 31. Bxg7 Kxg7 32. Bd3 Kh8 33. Qf6+ Qg7 34. Qxg7+ Kxg7 35. Be4 Rc8 36. Bd5 b6 37. Kg2 Re8 38. Kf1 Kf6 39. Be4 h5 40. Ke2 Rd8 41. Bd5 Ke5 42. Kd3 Rd6 43. a4 Rg6 44. Ke2 Rg1 45. Bc6 Ra1 46. Be8 h4 47. h3 Rxa4 48. Bf7 Ra2+ 49. Kf1 Kd4 50. Kg2 Rc2 51. Kf1 Rc1+ 52. Ke2 Rc2+ 53. Ke1 Rxc4 54. Bxc4 Kxc4 55. Kd2 Kxb5 56. Kd3 a5 57. Kd4 0-1

[Event "FIDE WRBTC Blitz-Pool 2024"]
[Site "Astana"]
[Date "2024.08.05"]
[Round "7.13"]
[White "Shonazarov, Orash"]
[Black "Tabatabaei, M. Amin"]
[Result "0-1"]
[WhiteElo "2277"]
[BlackElo "2712"]
[Annotator "ChessBase"]
[PlyCount "82"]
[EventDate "2024.08.01"]
[EventType "team-tourn"]
[EventCountry "KAZ"]
[SourceTitle "playchess.com"]
[Source "ChessBase"]
[SourceQuality "1"]

1. e4 c6 2. Nc3 d5 3. Nf3 dxe4 4. Nxe4 Nf6 5. Qe2 Nxe4 6. Qxe4 Be6 7. b3 Nd7 8. Bb2 Nf6 9. Qe3 a5 10. Bc4 Bd5 11. O-O e6 12. Ne5 Bxc4 13. bxc4 Be7 14. Rab1 O-O 15. Bc3 Qc7 16. Qb6 Qxb6 17. Rxb6 Bb4 18. Bxb4 axb4 19. Rxb7 Rxa2 20. Rxb4 c5 21. Rb5 Rxc2 22. d3 h5 23. Rxc5 Ng4 24. Nxg4 hxg4 25. Rg5 f5 26. Re1 Kf7 27. h3 gxh3 28. gxh3 Kf6 29. Rg3 Re8 30. Rge3 g5 31. Kg2 Rc3 32. R1e2 f4 33. Rf3 Kf5 34. d4 Rxc4 35. Re5+ Kf6 36. h4 Rxd4 37. Rxg5 e5 38. Rh5 Rg8+ 39. Kh2 Rd2 40. Rh7 Kf5 41. Rh5+ Kg4 0-1

[Event "FIDE WRBTC Blitz-Pool 2024"]
[Site "Astana"]
[Date "2024.08.05"]
[Round "7.13"]
[White "Yermekov, Kairat"]
[Black "Balguzhinov, Bakhyt"]
[Result "1/2-1/2"]
[WhiteElo "2076"]
[BlackElo "2155"]
[Annotator "ChessBase"]
[PlyCount "81"]
[EventDate "2024.08.01"]
[EventType "team-tourn"]
[EventCountry "KAZ"]
[SourceTitle "playchess.com"]
[Source "ChessBase"]
[SourceQuality "1"]

1. d4 Nf6 2. c4 c5 3. d5 e6 4. Nc3 exd5 5. cxd5 d6 6. e4 g6 7. f4 Bg7 8. Bb5+ Nfd7 9. a4 O-O 10. Nf3 a6 11. Bd3 Nf6 12. O-O Bg4 13. h3 Bxf3 14. Qxf3 Nbd7 15. Re1 Qc7 16. Bc4 Rfe8 17. Bd2 Nb6 18. Bf1 c4 19. Kh1 Nbd7 20. a5 Rab8 21. Ra4 Nc5 22. Rxc4 b5 23. axb6 Qxb6 24. b4 Ncd7 25. Rc1 a5 26. b5 Nc5 27. Be3 Nfd7 28. e5 Qb7 29. Ne4 Nxe4 30. Qxe4 Nf6 31. Qf3 Nxd5 32. Bd2 dxe5 33. f5 Qxb5 34. Rc5 e4 35. Rxb5 exf3 36. Rxd5 fxg2+ 37. Bxg2 a4 38. Bc3 Rec8 39. Rd3 Bh6 40. Rc2 Rb3 41. f6 1/2-1/2

[Event "FIDE WRBTC Blitz-Pool 2024"]
[Site "Astana"]
[Date "2024.08.05"]
[Round "7.14"]
[White "Jacobson, Brandon"]
[Black "Karmenov, Berik"]
[Result "1-0"]
[WhiteElo "2575"]
[BlackElo "2046"]
[Annotator "ChessBase"]
[PlyCount "42"]
[EventDate "2024.08.01"]
[EventType "team-tourn"]
[EventCountry "KAZ"]
[SourceTitle "playchess.com"]
[Source "ChessBase"]
[SourceQuality "1"]

1. Nf3 c5 2. c4 b6 3. g3 Bb7 4. Bg2 Nf6 5. O-O g6 6. Nc3 Bg7 7. Re1 O-O 8. e4 d6 9. d4 cxd4 10. Nxd4 Qc8 11. b3 Nbd7 12. Be3 Ne5 13. h3 Re8 14. Rc1 Qd7 15. f4 Nc6 16. e5 dxe5 17. Nxc6 Bxc6 18. Qxd7 Bxd7 19. fxe5 Nh5 20. g4 Ng3 21. Bf4 Bc8 1-0

[Event "FIDE WRBTC Blitz-Pool 2024"]
[Site "Astana"]
[Date "2024.08.05"]
[Round "7.14"]
[White "Zeynyshev, Elnur"]
[Black "Aitbayev, Aslan"]
[Result "0-1"]
[WhiteElo "1812"]
[BlackElo "2380"]
[Annotator "ChessBase"]
[PlyCount "90"]
[EventDate "2024.08.01"]
[EventType "team-tourn"]
[EventCountry "KAZ"]
[SourceTitle "playchess.com"]
[Source "ChessBase"]
[SourceQuality "1"]

1. e4 d6 2. d4 g6 3. Nc3 Bg7 4. Be3 a6 5. Qd2 b5 6. f3 Nd7 7. h4 h6 8. h5 g5 9. Nge2 Nb6 10. Ng3 e6 11. Be2 Nf6 12. a4 b4 13. Nd1 a5 14. Nf2 Ba6 15. Bxa6 Rxa6 16. b3 Ra8 17. Rd1 d5 18. e5 Nfd7 19. f4 gxf4 20. Bxf4 c5 21. dxc5 Nxc5 22. O-O Qh4 23. Qe2 Qxf4 24. Nfe4 Qxe5 25. Qb5+ Ncd7 26. Rfe1 dxe4 27. Nxe4 Qxb5 28. Nd6+ Ke7 29. Nxb5 Rac8 30. Re2 Rc5 31. Rf1 Rxh5 32. Ref2 Ne5 33. Rd2 Nd5 34. Re1 Rg5 35. Kf2 Rc8 36. Nd4 Ng4+ 37. Kg1 Bxd4+ 38. Rxd4 Rxc2 39. Rc4 Rxc4 40. bxc4 Nc3 41. Ra1 b3 42. Kf1 b2 43. Re1 Re5 44. Rxe5 Nxe5 45. Kf2 b1=Q 0-1

[Event "FIDE WRBTC Blitz-Pool 2024"]
[Site "Astana"]
[Date "2024.08.05"]
[Round "7.14"]
[White "Prokoptsov, Mikhail"]
[Black "Sadybekov, Adilzhan"]
[Result "0-1"]
[WhiteElo "1702"]
[BlackElo "1674"]
[Annotator "NA"]
[PlyCount "86"]
[EventDate "2024.08.01"]
[EventType "team-tourn"]
[EventCountry "KAZ"]
[SourceTitle "playchess.com"]
[Source "ChessBase"]
[SourceQuality "1"]

1. e4 e6 2. d4 d5 3. e5 c5 4. c3 Nc6 5. Nf3 Nge7 6. Bd3 cxd4 7. cxd4 Nf5 8. Bxf5 exf5 9. Nc3 Be7 10. O-O Be6 11. Qb3 Qd7 12. a3 h6 13. Qa4 g5 14. Ne1 f4 15. Kh1 h5 16. g3 fxg3 17. fxg3 h4 18. Rf3 Bf5 19. Qd1 Bg4 20. Qd3 Bxf3+ 21. Nxf3 hxg3 22. Kg1 Qg4 23. Kf1 gxh2 24. Be3 h1=Q+ 25. Bg1 Qgg2+ 26. Ke1 Qxf3 27. Qxf3 Qxf3 28. Ne2 Rh1 29. Kd2 Qe4 30. Rd1 Rc8 31. Ke1 Rxg1+ 32. Kf2 Rxd1 33. Ng3 Rd2+ 34. Kg1 Qxd4+ 35. Kh1 Rd1+ 36. Kh2 Qd2+ 37. Kh3 g4+ 38. Kxg4 Qg5+ 39. Kf3 Rd3+ 40. Ke2 Qe3+ 41. Kf1 Qxg3 42. Ke2 Qf3+ 43. Ke1 Rd1# 0-1

[Event "FIDE WRBTC Blitz-Pool 2024"]
[Site "Astana"]
[Date "2024.08.05"]
[Round "7.15"]
[White "Akhmetov, Ayan"]
[Black "Borumbayev, Adil"]
[Result "1-0"]
[WhiteElo "2380"]
[BlackElo "1848"]
[Annotator "ChessBase"]
[PlyCount "53"]
[EventDate "2024.08.01"]
[EventType "team-tourn"]
[EventCountry "KAZ"]
[SourceTitle "playchess.com"]
[Source "ChessBase"]
[SourceQuality "1"]

1. d4 Nf6 2. Nf3 g6 3. Bf4 Bg7 4. h4 d6 5. Nbd2 h5 6. e3 Bg4 7. c3 Nbd7 8. Qb3 O-O 9. Be2 e5 10. dxe5 dxe5 11. Nxe5 Bxe2 12. Kxe2 Nc5 13. Qc4 Ne6 14. Bg3 Kh7 15. Rhd1 Qe7 16. Ndf3 Nc5 17. Ng5+ Kg8 18. Nxg6 Qe8 19. Nxf8 Na6 20. Ng6 b5 21. Qb3 Nc5 22. Qb4 Ne6 23. Ne7+ Kh8 24. Nf5 c5 25. Qb3 c4 26. Qc2 Ng4 27. Nd6 1-0

[Event "FIDE WRBTC Blitz-Pool 2024"]
[Site "Astana"]
[Date "2024.08.05"]
[Round "7.15"]
[White "Shevchenko, Alexandr"]
[Black "Semenov, Miroslav"]
[Result "0-1"]
[WhiteElo "1814"]
[BlackElo "1512"]
[Annotator "NA"]
[PlyCount "68"]
[EventDate "2024.08.01"]
[EventType "team-tourn"]
[EventCountry "KAZ"]
[SourceTitle "playchess.com"]
[Source "ChessBase"]
[SourceQuality "1"]

1. e4 c5 2. Nf3 e6 3. d4 cxd4 4. Nxd4 Nf6 5. Nc3 Nc6 6. a3 Be7 7. Be3 O-O 8. f3 d5 9. Qd2 e5 10. Nxc6 bxc6 11. Bf2 a5 12. Bd3 Bb7 13. O-O a4 14. Rfe1 d4 15. Ne2 Nd7 16. Ng3 Rc8 17. Nf5 Bg5 18. Qe2 Nb6 19. h4 Bf6 20. h5 c5 21. Bc4 Nxc4 22. Qxc4 Qb6 23. Rab1 Ba6 24. Qd5 Rfd8 25. Qa2 c4 26. h6 g6 27. Ng3 c3 28. b3 Rb8 29. bxa4 Qa5 30. Rxb8 Rxb8 31. Rb1 Qc7 32. Rxb8+ Qxb8 33. Qb3 Qxb3 34. cxb3 c2 0-1

[Event "FIDE WRBTC Blitz-Pool 2024"]
[Site "Astana"]
[Date "2024.08.05"]
[Round "7.15"]
[White "Sartbayev, Askar"]
[Black "Hong, Andrew"]
[Result "0-1"]
[WhiteElo "1702"]
[BlackElo "2572"]
[Annotator "ChessBase"]
[PlyCount "58"]
[EventDate "2024.08.01"]
[EventType "team-tourn"]
[EventCountry "KAZ"]
[SourceTitle "playchess.com"]
[Source "ChessBase"]
[SourceQuality "1"]

1. e4 Nc6 2. d4 d5 3. e5 Bf5 4. c3 e6 5. Bd3 Nge7 6. Nf3 Bxd3 7. Qxd3 Nf5 8. Nbd2 Be7 9. Nf1 h5 10. Ne3 g6 11. a3 Na5 12. Nd2 Qd7 13. b4 Nc6 14. Nb3 b6 15. Bb2 a5 16. b5 Na7 17. a4 c6 18. bxc6 Qxc6 19. O-O h4 20. h3 Rc8 21. Rfc1 Bg5 22. Nd2 O-O 23. c4 dxc4 24. Rxc4 Qd7 25. Rxc8 Rxc8 26. Nxf5 gxf5 27. Nf3 Be7 28. Ba3 Qxa4 29. Qe3 Nb5 0-1

[Event "FIDE WRBTC Blitz-Pool 2024"]
[Site "Astana"]
[Date "2024.08.05"]
[Round "7.16"]
[White "Dardha, Daniel"]
[Black "Adilbekuly, Altair"]
[Result "1-0"]
[WhiteElo "2608"]
[BlackElo "1694"]
[Annotator "ChessBase"]
[PlyCount "60"]
[EventDate "2024.08.01"]
[EventType "team-tourn"]
[EventCountry "KAZ"]
[SourceTitle "playchess.com"]
[Source "ChessBase"]
[SourceQuality "1"]

1. c4 Nf6 2. Nf3 g6 3. Nc3 Bg7 4. e4 d6 5. d4 O-O 6. Bd3 Bg4 7. Be2 e5 8. d5 a5 9. Be3 Na6 10. h3 Bd7 11. g4 Ne8 12. Nd2 Nc5 13. h4 f5 14. gxf5 gxf5 15. Rg1 f4 16. Bxc5 dxc5 17. Bg4 Nf6 18. Bxd7 Qxd7 19. Nf3 Rfe8 20. Ng5 c6 21. Qf3 h6 22. Ne6 Rxe6 23. dxe6 Qxe6 24. O-O-O Qxc4 25. Rg6 Re8 26. Rdg1 Qf7 27. Rxg7+ Qxg7 28. Rxg7+ Kxg7 29. Qh3 Re7 30. Qf5 b6 1-0

[Event "FIDE WRBTC Blitz-Pool 2024"]
[Site "Astana"]
[Date "2024.08.05"]
[Round "7.16"]
[White "Omar, Temirlan"]
[Black "Nugumanov, Bakhtiyar"]
[Result "0-1"]
[WhiteElo "1874"]
[BlackElo "2288"]
[Annotator "ChessBase"]
[PlyCount "71"]
[EventDate "2024.08.01"]
[EventType "team-tourn"]
[EventCountry "KAZ"]
[SourceTitle "playchess.com"]
[Source "ChessBase"]
[SourceQuality "1"]

1. d4 c5 2. d5 Nf6 3. c4 d6 4. Nc3 e6 5. e4 exd5 6. cxd5 g6 7. Bd3 Bg7 8. Bf4 O-O 9. Nf3 a6 10. a4 Bg4 11. O-O Qe7 12. h3 Bxf3 13. Qxf3 Nbd7 14. Rfe1 Ne8 15. Qe2 Rb8 16. Rac1 Nc7 17. a5 b5 18. axb6 Rxb6 19. Na4 Rb4 20. Rc4 Rfb8 21. Rxb4 Rxb4 22. Qc2 Nb5 23. Bd2 Rd4 24. Bc3 Nxc3 25. bxc3 Rxa4 26. Qxa4 Bxc3 27. Rc1 Bd4 28. Qxa6 Ne5 29. Rd1 Qf6 30. Qa2 c4 31. Bf1 Bc5 32. Rc1 Qf4 33. Rc2 Nd3 34. Bxd3 cxd3 35. Rd2 Qxe4 36. Qb2 0-1

[Event "FIDE WRBTC Blitz-Pool 2024"]
[Site "Astana"]
[Date "2024.08.05"]
[Round "7.16"]
[White "Derksen, Vadim"]
[Black "Tulekenova, Aiza"]
[Result "1/2-1/2"]
[WhiteElo "1735"]
[BlackElo "1581"]
[Annotator "NA"]
[PlyCount "197"]
[EventDate "2024.08.01"]
[EventType "team-tourn"]
[EventCountry "KAZ"]
[SourceTitle "playchess.com"]
[Source "ChessBase"]
[SourceQuality "1"]

1. e4 c5 2. Nf3 d6 3. d4 cxd4 4. Nxd4 Nf6 5. Nc3 a6 6. a4 e6 7. Be2 Be7 8. O-O b6 9. f4 Bb7 10. Bf3 Qc7 11. Be3 Nbd7 12. Re1 O-O 13. Bf2 Rac8 14. Qd2 Rfd8 15. Rad1 Qc4 16. Qc1 Nc5 17. Qa1 Ncd7 18. Qa2 Qxa2 19. Nxa2 Nc5 20. Nc3 d5 21. exd5 Nxd5 22. Nxd5 Bxd5 23. Bxd5 Rxd5 24. Ra1 Bf6 25. c3 Nd3 26. Red1 Nxf2 27. Kxf2 Bxd4+ 28. Rxd4 Rxd4 29. cxd4 Rc2+ 30. Kf3 Rxb2 31. Rc1 Rb3+ 32. Kf2 g6 33. Rc8+ Kg7 34. Rc6 Rb4 35. a5 bxa5 36. Rxa6 a4 37. Ke3 Rb3+ 38. Ke2 a3 39. Kd2 Rb2+ 40. Kc3 Rxg2 41. Rxa3 Rxh2 42. Ra4 Rf2 43. d5 exd5 44. Rd4 h5 45. Kd3 h4 46. Ke3 Ra2 47. Rxd5 h3 48. Rd1 h2 49. Rh1 f6 50. Kf3 Kh6 51. Kg4 f5+ 52. Kg3 Kh5 53. Kh3 Rf2 54. Kg3 Re2 55. Kf3 Rb2 56. Kg3 Kh6 57. Rxh2+ Rxh2 58. Kxh2 g5 59. fxg5+ Kxg5 60. Kg3 f4+ 61. Kf3 Kf5 62. Kf2 Kg4 63. Kg2 f3+ 64. Kf2 Kf4 65. Kf1 Ke4 66. Kf2 Kf4 67. Kf1 Kf5 68. Kf2 Kg4 69. Kf1 Kg3 70. Kg1 Kf4 71. Kf2 Ke4 72. Kf1 Kd3 73. Kf2 Ke4 74. Kf1 Ke3 75. Ke1 Kd3 76. Kf2 Ke4 77. Kf1 Kf5 78. Kf2 Kf4 79. Kf1 Kg4 80. Kf2 Kf4 81. Kf1 Ke3 82. Ke1 Ke4 83. Kf2 Kf4 84. Kf1 Kg4 85. Kf2 Kf4 86. Kf1 Kg3 87. Kg1 Kf4 88. Kf2 Kg4 89. Kf1 Kh3 90. Kf2 Kg4 91. Kf1 Kf4 92. Kf2 Ke4 93. Kf1 Ke3 94. Ke1 Kf4 95. Kf2 Ke4 96. Kf1 Kd3 97. Kf2 Ke4 98. Kf1 Ke3 99. Ke1 1/2-1/2

[Event "FIDE WRBTC Blitz-Pool 2024"]
[Site "Astana"]
[Date "2024.08.05"]
[Round "7.17"]
[White "Tokbayev, Anuar"]
[Black "Nauanova Zhaniya"]
[Result "1-0"]
[WhiteElo "1880"]
[BlackElo "1835"]
[Annotator "NA"]
[PlyCount "51"]
[EventDate "2024.08.01"]
[EventType "team-tourn"]
[EventCountry "KAZ"]
[SourceTitle "playchess.com"]
[Source "ChessBase"]
[SourceQuality "1"]

1. d4 Nf6 2. c4 g6 3. Nf3 Bg7 4. g3 O-O 5. Nc3 d6 6. Bg2 Nbd7 7. O-O e5 8. e4 exd4 9. Nxd4 c6 10. h3 Re8 11. Re1 Nc5 12. Bf4 a5 13. Qc2 Nfxe4 14. Nxe4 Bxd4 15. Bg5 Qd7 16. Nf6+ Bxf6 17. Bxf6 Ne6 18. Rad1 Qc7 19. Qd2 b5 20. cxb5 Bb7 21. Qxd6 Qb6 22. bxc6 Rad8 23. Bxd8 Rxd8 24. Qe5 Rxd1 25. Rxd1 Bxc6 26. Rd6 1-0

[Event "FIDE WRBTC Blitz-Pool 2024"]
[Site "Astana"]
[Date "2024.08.05"]
[Round "7.17"]
[White "Zhumagali, Raian"]
[Black "Salimova, Nurgyul"]
[Result "1/2-1/2"]
[WhiteElo "1632"]
[BlackElo "2412"]
[Annotator "ChessBase"]
[PlyCount "154"]
[EventDate "2024.08.01"]
[EventType "team-tourn"]
[EventCountry "KAZ"]
[SourceTitle "playchess.com"]
[Source "ChessBase"]
[SourceQuality "1"]

1. e4 c6 2. d4 d5 3. e5 c5 4. c3 Nc6 5. Be3 Nh6 6. Nf3 Nf5 7. Bb5 Nxe3 8. fxe3 Qb6 9. Bxc6+ Qxc6 10. O-O Bf5 11. Nbd2 e6 12. Nh4 Bd3 13. Rf2 f6 14. exf6 O-O-O 15. Ndf3 Be4 16. Ne5 Qc7 17. Qg4 gxf6 18. Qxe6+ Kb8 19. Nf7 Bg7 20. Nxd8 Rxd8 21. Qg4 Bh6 22. Re1 cxd4 23. exd4 Bg5 24. Nf5 h5 25. Qg3 h4 26. Qxc7+ Kxc7 27. Ng7 Kd7 28. Nh5 Ke6 29. Nf4+ Kf7 30. g3 hxg3 31. hxg3 Rg8 32. Kf1 Rh8 33. Ke2 Bf5 34. Nxd5 Re8+ 35. Kd1 Bg4+ 36. Rfe2 Bf3 37. Nf4 Bxe2+ 38. Rxe2 Rh8 39. Nd5 Rh1+ 40. Kc2 Rg1 41. Re7+ Kg6 42. Rxb7 Rxg3 43. Rxa7 f5 44. a4 f4 45. Nxf4+ Bxf4 46. Ra6+ Kf5 47. Ra5+ Ke4 48. Ra8 Rg2+ 49. Kb3 Bc1 50. Re8+ Kd3 51. Kb4 Rxb2+ 52. Kc5 Kxc3 53. a5 Ra2 54. Kb6 Kxd4 55. Rd8+ Ke5 56. a6 Be3+ 57. Kb7 Rb2+ 58. Ka8 Bc5 59. a7 Ra2 60. Rd7 Ke6 61. Rh7 Bd4 62. Kb8 Be5+ 63. Ka8 Rd2 64. Kb7 Rb2+ 65. Ka8 Ra2 66. Kb7 Rb2+ 67. Ka8 Bd4 68. Rb7 Ra2 69. Kb8 Be5+ 70. Ka8 Bd4 71. Kb8 Be5+ 72. Ka8 Bd4 73. Kb8 Rh2 74. Rc7 Be5 75. a8=Q Rh8+ 76. Kb7 Rxa8 77. Kxa8 Bxc7 1/2-1/2

[Event "FIDE WRBTC Blitz-Pool 2024"]
[Site "Astana"]
[Date "2024.08.05"]
[Round "7.17"]
[White "Niyazbek, Nurtileu"]
[Black "Ivlev, Andrey"]
[Result "0-1"]
[WhiteElo "1578"]
[BlackElo "1578"]
[Annotator "NA"]
[PlyCount "89"]
[EventDate "2024.08.01"]
[EventType "team-tourn"]
[EventCountry "KAZ"]
[SourceTitle "playchess.com"]
[Source "ChessBase"]
[SourceQuality "1"]

1. e4 c6 2. d4 d5 3. exd5 cxd5 4. Nf3 Nf6 5. Bd3 Bg4 6. O-O e6 7. c3 Bd6 8. Bg5 O-O 9. h3 Bh5 10. Nbd2 Nc6 11. Qc2 Bg6 12. Bxg6 hxg6 13. Rfe1 Rc8 14. Ne5 Nxd4 15. Qd1 Nc6 16. Nxc6 Rxc6 17. Qf3 Be7 18. Rad1 Rb6 19. Nb3 Nd7 20. Bxe7 Qxe7 21. Rxd5 Nf6 22. Rd3 Ra6 23. a3 Rb6 24. Qd1 Qc7 25. Rd4 Rb5 26. Rb4 Rxb4 27. axb4 Qc4 28. Nc5 Qb5 29. Qb3 b6 30. Ne4 Nd7 31. c4 Qe5 32. Re2 Qc7 33. Rd2 Ne5 34. c5 Rc8 35. Nd6 Rd8 36. Qg3 Nc6 37. b5 Nb4 38. Rd4 bxc5 39. b6 Qb8 40. Rd1 Nd5 41. Nb5 Qxg3 42. fxg3 axb6 43. Nc7 Kf8 44. b4 Ke7 45. Nxd5+ 0-1